000
00305nam a2200121Ia 4500
008
191201s2011 xx 000 0 und d
100
_a
MURDICK, Robert G
245
0
_a
Information Systems for Modern Management
260
_a
N. Delhi
_b
PHI
_c
2011
300
_a
465
650
_a
B.Tech(ME)
942
_2
ddc
_c
BK
999
_c
6438
_d
6438